01215cam a22002891 45000010005000000030008000050050017000130080041000300350018000710350019000890400048001080410008001560820026001641100039001902450057002292600020002863000023003064900066003295000051003955000171004465040084006175260014007016500036007159420012007519990015007639520147007784374BD-RjUL20211208233900.0131222s1933 xx 000 0 eng c a(BD-RjUL)4409 a(OCoLC)4197728 aLibrary, U.S. Dept. of LaborcOAkdDLCbeng aeng a331.155216bCON 19332 aInternational Labour Office.9827410aConciliation and arbitration in industrial disputes. aGeneva :c1933. axv, 160 p.c24 cm.0 aStudies and reports, series A, (Industrial relations)vno. 34 aAt head of title: International labour office. a"Appendix: List of laws in force on 15 May 1932 in the different countries of the world concerning conciliation and arbitration in collective disputes": p. [683]-696. aBibliography at end of section on conciliation and arbitration in each country. bSociology 0aArbitration, Industrial.913834 2ddccBK c4374d4374 00102ddc40718NFICaRUCLbRUCLcReadingd1962-02-19eDR. A. I. Qurishig1.00l0o331.155 CON 1933r2013-12-22 00:00:00tC-1w2021-12-08yBK